Pendapatan nasional Indonesia, 1960-1964, menurut lapangan usaha. (Record no. 89523)
[ view plain ]
| 000 -LEADER | |
|---|---|
| fixed length control field | 00917cam a2200253 4500 |
| 001 - CONTROL NUMBER | |
| control field | sa 68020610 |
| 003 - CONTROL NUMBER IDENTIFIER | |
| control field | DLC |
| 005 - DATE AND TIME OF LATEST TRANSACTION | |
| control field | 20260227112726.0 |
| 008 - FIXED-LENGTH DATA ELEMENTS--GENERAL INFORMATION | |
| fixed length control field | 740812s1967 io f00000 eng |
| 010 ## - LIBRARY OF CONGRESS CONTROL NUMBER | |
| LC control number | sa 68020610 //r85 |
| 025 ## - OVERSEAS ACQUISITION NUMBER | |
| Overseas acquisition number | PL480:Indo-S-747 |
| 041 0# - LANGUAGE CODE | |
| Language code of text/sound track or separate title | engind |
| 043 ## - GEOGRAPHIC AREA CODE | |
| Geographic area code | a-io--- |
| 050 0# - LIBRARY OF CONGRESS CALL NUMBER | |
| Classification number | HC450.I5 |
| Item number | I55 1967 |
| 082 ## - DEWEY DECIMAL CLASSIFICATION NUMBER | |
| Classification number | 339.2/09598 |
| 110 10 - MAIN ENTRY--CORPORATE NAME | |
| Corporate name or jurisdiction name as entry element | Indonesia. |
| Subordinate unit | Pusat Penelitian dan Perkembangan. |
| -- | Statistik. |
| 245 10 - TITLE STATEMENT | |
| Title | Pendapatan nasional Indonesia, 1960-1964, menurut lapangan usaha. |
| Statement of responsibility, etc. | National income of Indonesia, by industrial origin. |
| 260 0# - PUBLICATION, DISTRIBUTION, ETC. | |
| Place of publication, distribution, etc. | Djakarta, |
| Name of publisher, distributor, etc. | Statistical Research and Development Centre, Central Bureau of Statistics, |
| Date of publication, distribution, etc. | 1967. |
| 300 ## - PHYSICAL DESCRIPTION | |
| Extent | vii, 100 p. |
| Dimensions | 31 cm. |
| 490 1# - SERIES STATEMENT | |
| Series statement | Publikasi 2 |
| 650 #0 - SUBJECT ADDED ENTRY--TOPICAL TERM | |
| Topical term or geographic name entry element | National income |
| Geographic subdivision | Indonesia. |
| 740 #1 - ADDED ENTRY--UNCONTROLLED RELATED/ANALYTICAL TITLE | |
| Uncontrolled related/analytical title | National income of Indonesia. |
| 830 #0 - SERIES ADDED ENTRY--UNIFORM TITLE | |
| Uniform title | Publikasi (Indonesia. Pusat Penelitian dan Perkembangan Statistik) ; |
| Volume/sequential designation | 2. |
No items available.